[Event "Tournoi d'Hiver 2010"]
[Site "CRELEL"]
[Date "2011.01.07"]
[Round "4"]
[White "Renard, Alain"]
[Black "Nottet, Tristan"]
[Result "0-1"]
[WhiteElo "1560"]
[BlackElo "1625"]
[PlyCount "84"]
[EventDate "2010.??.??"]

1. e4 c6 2. d4 d5 3. Nc3 dxe4 4. Nxe4 Bf5 5. Ng3 Bg6 6. h4 h6 7. Nf3 Nd7 8. h5
Bh7 9. Bd3 Bxd3 10. Qxd3 e6 11. Bf4 Ngf6 12. O-O-O Nd5 13. Bd2 Qc7 14. Ne2
O-O-O 15. c4 Nb4 16. Qb3 Na6 17. c5 e5 18. Nxe5 Nxe5 19. Bf4 Nxc5 20. Qh3+ Ne6
21. Bxe5 Qd7 22. Qc3 f6 23. Bg3 Qd5 24. Kb1 Qxg2 25. Qc2 Qd5 26. Nc3 Nxd4 27.
Qc1 Qf5+ 28. Ka1 Nc2+ 29. Kb1 Ne3+ 30. Ka1 Nxd1 31. Nxd1 Bd6 32. Ne3 Qc5 33.
Qxc5 Bxc5 34. Nf5 Rd2 35. a3 Bxf2 36. Bxf2 Rxf2 37. Nxg7 Rg8 38. Ne6 Rgg2 39.
Rd1 Rd2 40. Rf1 Rxb2 41. Rxf6 Rbf2 42. Rxf2 Rxf2 0-1

[Event "Tournoi d'Hiver 2010"]
[Site "CRELEL"]
[Date "2010.12.03"]
[Round "1"]
[White "Renard, Alain"]
[Black "Remont, Leopold"]
[Result "1-0"]
[WhiteElo "1560"]
[BlackElo "2006"]
[PlyCount "61"]
[EventDate "2010.??.??"]

1. e4 c5 2. Nc3 d6 3. Nf3 e5 4. Bc4 Be6 5. Qe2 Nf6 6. Ng5 Qd7 7. O-O Be7 8.
Nxe6 fxe6 9. Qf3 O-O 10. Qh3 d5 11. exd5 exd5 12. Qxd7 Nbxd7 13. Nxd5 Nxd5 14.
Bxd5+ Kh8 15. Bxb7 Rab8 16. Bc6 Nf6 17. d3 h6 18. b3 Rb6 19. Be4 Bd6 20. Be3
Rb4 21. Bf3 g5 22. c3 Rbb8 23. d4 cxd4 24. cxd4 e4 25. Be2 Nd5 26. Rac1 Ba3 27.
Rc6 Rb6 28. Rxb6 axb6 29. Bc4 Nc3 30. d5 b5 31. Bd4+ 1-0

[Event "Tournoi d'Hiver 2010"]
[Site "CRELEL"]
[Date "2011.01.28"]
[Round "7"]
[White "Sauvage, Eric"]
[Black "Aydogdu, Hakan"]
[Result "1-0"]
[WhiteElo "2039"]
[BlackElo "1681"]
[PlyCount "40"]
[EventDate "2010.??.??"]

1. e4 e5 2. Nc3 Nf6 3. f4 d5 4. fxe5 Nxe4 5. d3 Qh4+ 6. g3 Nxg3 7. Nf3 Qh5 8.
Nxd5 Nxh1 9. Nxc7+ Kd8 10. Nxa8 Be7 11. Be3 g5 12. Bg2 g4 13. Qe2 gxf3 14. Bxf3
Bh4+ 15. Kd2 Qf5 16. Rxh1 Nc6 17. Bxc6 bxc6 18. Bxa7 Qf4+ 19. Be3 Qb4+ 20. Kc1
Qa4 1-0

[Event "Tournoi d'Hiver 2010"]
[Site "CRELEL"]
[Date "2010.12.10"]
[Round "2"]
[White "Sauvage, Eric"]
[Black "Vagner, Fabian"]
[Result "1-0"]
[WhiteElo "2037"]
[BlackElo "1884"]
[PlyCount "62"]
[EventDate "2010.??.??"]

1. e4 e5 2. Nc3 Nf6 3. f4 d6 4. Nf3 Bg4 5. h3 Bxf3 6. Qxf3 Be7 7. Bc4 O-O 8. d3
Nc6 9. Be3 exf4 10. Qxf4 Nh5 11. Qg4 Bh4+ 12. Kd2 Ng3 13. Bh6 Qf6 14. Bf4 Ne5
15. Bxe5 dxe5 16. Rhe1 h5 17. Qf3 Qh6+ 18. Kd1 c6 19. Ne2 Nxe2 20. Rxe2 a5 21.
a4 Rad8 22. g3 Be7 23. c3 Bc5 24. Kc2 Rd6 25. g4 Rf6 26. Qg2 Rf4 27. g5 Qg6 28.
Rd1 Rd8 29. Rf1 b5 30. axb5 cxb5 31. Bxb5 Rb8 1-0

[Event "Tournoi d'Hiver 2010"]
[Site "CRELEL"]
[Date "2010.12.17"]
[Round "3"]
[White "Stefani, Philippe"]
[Black "Aydogdu, Hakan"]
[Result "0-1"]
[WhiteElo "1641"]
[BlackElo "1681"]
[PlyCount "70"]
[EventDate "2010.??.??"]

1. d4 d5 2. Nf3 Nf6 3. c4 e6 4. Nc3 Be7 5. e3 O-O 6. Bd3 Nbd7 7. O-O c6 8. b3
a6 9. Bb2 b5 10. cxd5 cxd5 11. Rc1 Bb7 12. Bb1 Rc8 13. Qd3 Re8 14. Ne5 Nf8 15.
Ne2 Qd6 16. Nf4 b4 17. Qe2 a5 18. Bd3 g6 19. h4 Ne4 20. h5 g5 21. Bxe4 dxe4 22.
Qg4 f6 23. Nc4 Qa6 24. h6 Kh8 25. Nh5 Bd5 26. Qe2 Nd7 27. Rc2 Rc7 28. Rfc1 Rec8
29. Qd1 Bf8 30. Ng7 Bxg7 31. hxg7+ Kxg7 32. a3 Bxc4 33. Rxc4 Rxc4 34. axb4 Rxc1
35. Bxc1 axb4 0-1

[Event "Tournoi d'Hiver 2010"]
[Site "CRELEL"]
[Date "2010.12.03"]
[Round "1"]
[White "Stefani, Philippe"]
[Black "Sauvage, Eric"]
[Result "0-1"]
[WhiteElo "1641"]
[BlackElo "2037"]
[PlyCount "128"]
[EventDate "2010.??.??"]

1. d4 d5 2. Nf3 Bg4 3. Ne5 Bh5 4. c4 f6 5. Qa4+ c6 6. Nf3 dxc4 7. Qxc4 Nd7 8.
Nc3 Nb6 9. Qd3 e5 10. dxe5 Qxd3 11. exd3 Bxf3 12. gxf3 fxe5 13. Bh3 Nf6 14. Bg5
Bb4 15. O-O-O Bxc3 16. bxc3 O-O 17. Rhg1 Kh8 18. Rde1 Nfd5 19. Kc2 Rxf3 20. Be6
Rxf2+ 21. Kb3 Raf8 22. Rxe5 h6 23. h4 Nc7 24. Be7 Re8 25. Bg4 Ncd5 26. Bc5 Rxe5
27. Bxf2 Nf6 28. Bd1 Rb5+ 29. Kc2 Ra5 30. Kb1 Nbd5 31. Bd4 c5 32. Bxf6 Nxf6 33.
Bb3 Ra6 34. d4 cxd4 35. cxd4 Rd6 36. Rd1 Ng4 37. Kb2 Ne3 38. Rd3 Nf5 39. Rf3
Nxd4 40. Rf8+ Kh7 41. Bg8+ Kg6 42. Bf7+ Kf6 43. Bg8+ Ke5 44. Rf7 Rb6+ 45. Kc3
Nf5 46. h5 a6 47. Bh7 Ng3 48. Bg6 Rc6+ 49. Kb3 b5 50. Rxg7 Kf6 51. Rd7 Ne2 52.
a4 Rc3+ 53. Kb2 bxa4 54. Rd6+ Kg5 55. Rxa6 Rb3+ 56. Ka1 Nc3 57. Ra5+ Kg4 58.
Ra6 Rb5 59. Ra7 Rb3 60. Ra6 a3 61. Ra7 a2 62. Rxa2 Nxa2 63. Kxa2 Rb5 64. Ka3
Rxh5 0-1

[Event "Tournoi d'Hiver 2010"]
[Site "CRELEL"]
[Date "2011.01.14"]
[Round "?"]
[White "Szigetvari, Andre"]
[Black "Champt, Victor"]
[Result "1/2-1/2"]
[WhiteElo "1782"]
[BlackElo "1616"]
[PlyCount "88"]
[EventDate "2010.??.??"]

1. e4 c5 2. Nf3 e6 3. d4 cxd4 4. Nxd4 Nf6 5. Nc3 Bb4 6. Bd3 Nc6 7. Nxc6 dxc6 8.
Bd2 e5 9. O-O O-O 10. a3 Ba5 11. b4 Bc7 12. Bg5 Be6 13. Qe2 Qe7 14. Nd1 Bd8 15.
f4 Bg4 16. Qe1 h6 17. Bh4 Bxd1 18. Rxd1 Qc7 19. f5 c5 20. c4 Be7 21. b5 a6 22.
a4 axb5 23. axb5 Ra3 24. Rd2 Rfa8 25. Qe2 Qa5 26. Rfd1 Ra1 27. g4 Rxd1+ 28.
Rxd1 Rd8 29. h3 Qc3 30. Be1 Qd4+ 31. Bf2 Qd6 32. Bc2 Qc7 33. Kg2 Rxd1 34. Qxd1
b6 35. Qa1 Nd7 36. Be3 f6 37. Qa8+ Qd8 38. Qxd8+ Bxd8 39. Kg3 Be7 40. Bd1 Kh7
41. h4 Kg8 42. Bf3 Kh7 43. Kh3 Kg8 44. Bg2 Kh7 1/2-1/2

[Event "Tournoi d'Hiver 2010"]
[Site "CRELEL"]
[Date "2010.12.10"]
[Round "2"]
[White "Szigetvari, Andre"]
[Black "Demblon, Jean-Luc"]
[Result "0-1"]
[WhiteElo "1782"]
[BlackElo "1606"]
[PlyCount "30"]
[EventDate "2010.??.??"]

1. e4 e5 2. f4 Bc5 3. Nf3 d6 4. Bc4 Nf6 5. Nc3 Nc6 6. d3 Bg4 7. Na4 Bb6 8. Nxb6
axb6 9. c3 O-O 10. O-O Na5 11. Bb3 Nxb3 12. Qxb3 Be6 13. c4 exf4 14. Bxf4 Qd7
15. Nd4 Bg4 0-1

[Event "Tournoi d'Hiver 2010"]
[Site "CRELEL"]
[Date "2011.01.28"]
[Round "7"]
[White "Szigetvari, Andre"]
[Black "Iafelice, Luigi"]
[Result "1-0"]
[WhiteElo "1782"]
[BlackElo "1800"]
[PlyCount "73"]
[EventDate "2010.??.??"]

1. e4 e5 2. f4 exf4 3. Nf3 Be7 4. Bc4 Bh4+ 5. Kf1 d6 6. d4 Bf6 7. Bxf4 Nc6 8.
c3 h6 9. Kf2 g5 10. Be3 Nge7 11. Rf1 Ng6 12. Kg1 O-O 13. Qd2 Bg4 14. Na3 Kg7
15. Rf2 Be7 16. h3 Bxf3 17. Rxf3 Nh4 18. Rf2 Qd7 19. Raf1 f6 20. Kh2 a6 21. g3
Ng6 22. h4 Rh8 23. h5 Nf8 24. Qe2 Nh7 25. Nc2 Rhf8 26. Bc1 Bd8 27. Ne3 Ne7 28.
Bb3 c6 29. Bc2 Bc7 30. Qd3 d5 31. exd5 f5 32. dxc6 bxc6 33. Nxf5+ Nxf5 34. Rxf5
Rxf5 35. Rxf5 Kh8 36. Qf3 Re8 37. Bd3 1-0

[Event "Tournoi d'Hiver 2010"]
[Site "CRELEL"]
[Date "2011.01.28"]
[Round "7"]
[White "Thirion, Christian"]
[Black "Dans, Guy"]
[Result "0-1"]
[WhiteElo "1300"]
[BlackElo "1395"]
[PlyCount "84"]
[EventDate "2010.??.??"]

1. e4 e5 2. Nf3 Nc6 3. d4 exd4 4. Nxd4 Bc5 5. Nxc6 Qf6 6. Qe2 Qxc6 7. Nc3 d6 8.
Be3 Bb4 9. Bd4 Nf6 10. f3 Be6 11. a3 Ba5 12. Qb5 Qxb5 13. Bxb5+ c6 14. Be2 c5
15. Bxf6 gxf6 16. Kd2 a6 17. g4 b5 18. Rhb1 Ke7 19. b4 Bc7 20. h4 h5 21. Rh1
hxg4 22. fxg4 Rag8 23. Rag1 cxb4 24. axb4 Bb6 25. Rg2 Bd4 26. h5 Be5 27. Ra1
Ra8 28. Ra3 Rhc8 29. h6 Bf4+ 30. Kd3 Bxh6 31. Bf3 Bc4+ 32. Kd4 Ra7 33. Nd5+
Bxd5 34. exd5 Rc4+ 35. Kd3 Rxb4 36. Re2+ Kf8 37. Ra1 Rf4 38. Rf2 a5 39. Rh1 Kg7
40. Ke3 Re7+ 41. Kd3 a4 42. Kd2 Rxf3+ 0-1

[Event "Tournoi d'Hiver 2010"]
[Site "CRELEL"]
[Date "2010.12.17"]
[Round "3"]
[White "Thirion, Christian"]
[Black "Valembois, Pierre"]
[Result "1-0"]
[WhiteElo "1300"]
[BlackElo "1150"]
[PlyCount "55"]
[EventDate "2010.??.??"]

1. e4 d5 2. exd5 Qxd5 3. Nc3 Qa5 4. d4 e6 5. Bd2 Bb4 6. a3 Bxc3 7. Bxc3 Qd5 8.
Nf3 Ne7 9. Be2 Nf5 10. Ne5 Nd7 11. Bf3 Qd6 12. O-O Nxe5 13. dxe5 Qe7 14. Qd2 f6
15. exf6 gxf6 16. Rad1 e5 17. Bh5+ Kf8 18. Bb4 Nd6 19. c4 b6 20. c5 Qg7 21.
cxd6 Bb7 22. dxc7+ Kg8 23. g3 Qxc7 24. Rc1 Bc6 25. Qc2 Qb7 26. Qc4+ Kg7 27.
Qg4+ Kh6 28. Bd2# 1-0

[Event "Tournoi d'Hiver 2010"]
[Site "CRELEL"]
[Date "2011.01.14"]
[Round "5"]
[White "Thirion, Laetitia"]
[Black "Arabia, Allan"]
[Result "1-0"]
[WhiteElo "1192"]
[BlackElo "1181"]
[PlyCount "85"]
[EventDate "2010.??.??"]

1. e4 e5 2. Nf3 Nc6 3. d4 Qf6 4. d5 Nd4 5. Be2 Bc5 6. Nc3 Ne7 7. Qd3 O-O 8. Be3
d6 9. h4 Nxf3+ 10. Bxf3 Ng6 11. Bg5 Nf4 12. Bxf6 Nxd3+ 13. cxd3 gxf6 14. O-O-O
Bxf2 15. Rdf1 Be3+ 16. Kc2 f5 17. Nb5 fxe4 18. dxe4 Bb6 19. g4 c6 20. dxc6 bxc6
21. Nxd6 Rd8 22. Nxc8 Raxc8 23. g5 Rf8 24. Rd1 f6 25. Bg4 Rcd8 26. Rxd8 Rxd8
27. gxf6 Kf7 28. Rf1 Rd4 29. Bh5+ Kf8 30. f7 Rxe4 31. Rf5 Bd8 32. a3 Bxh4 33.
b4 Be7 34. Kb3 a6 35. Ka4 c5 36. Ka5 cxb4 37. axb4 Bxb4+ 38. Kxa6 Bd6 39. Rg5
Rf4 40. Kb6 Rf6 41. Kc6 h6 42. Rg8+ Ke7 43. Re8# 1-0

[Event "Tournoi d'Hiver 2010"]
[Site "CRELEL"]
[Date "2010.12.17"]
[Round "3"]
[White "Thirion, Laetitia"]
[Black "Guillaume, Jean-Philippe"]
[Result "1-0"]
[WhiteElo "1191"]
[BlackElo "1161"]
[PlyCount "51"]
[EventDate "2010.??.??"]

1. e4 c6 2. Nc3 d5 3. d3 dxe4 4. Nxe4 Bf5 5. Nc3 e6 6. Nf3 Bb4 7. Bd2 Nf6 8.
Be2 O-O 9. a3 Be7 10. d4 Nbd7 11. Be3 Qb6 12. b4 Nd5 13. Nxd5 cxd5 14. Bd3 Bg4
15. h3 Bh5 16. Qd2 Bxf3 17. gxf3 Nf6 18. Bh6 Qxd4 19. c3 Qe5+ 20. Kd1 Rfc8 21.
Rc1 d4 22. Bxg7 Qh5 23. Bxf6 Qxf3+ 24. Kc2 Bxf6 25. Rhg1+ Kh8 26. c4 1-0

[Event "Tournoi d'Hiver 2010"]
[Site "CRELEL"]
[Date "2011.01.07"]
[Round "4"]
[White "Thiry, Jean-Louis"]
[Black "Evrard, Jean-Marie"]
[Result "1-0"]
[WhiteElo "1209"]
[BlackElo "1161"]
[PlyCount "52"]
[EventDate "2010.??.??"]

1. e4 e5 2. Nf3 Nc6 3. a3 d5 4. exd5 Qxd5 5. Nc3 Qd8 6. Bb5 Nf6 7. O-O Bd7 8.
d4 e4 9. Bxc6 Bxc6 10. Ne5 Bd5 11. f3 exf3 12. Nxf3 Be7 13. Ne5 c5 14. Bg5 O-O
15. Ng4 Ne4 16. Bxe7 Qxe7 17. Nxd5 Qg5 18. c4 f5 19. Ne5 Nf6 20. Ne7+ Kh8 21.
Rxf5 Qe3+ 22. Kh1 Ne4 23. N7g6+ hxg6 24. Qg4 Nf2+ 25. Rxf2 Qxf2 26. Qh3+ Kg8
1-0

[Event "Tournoi d'Hiver 2010"]
[Site "CRELEL"]
[Date "2011.01.21"]
[Round "6"]
[White "Thiry, Jean-Louis"]
[Black "Guillaume, Jean-Philippe"]
[Result "1-0"]
[WhiteElo "1209"]
[BlackElo "1164"]
[PlyCount "47"]
[EventDate "2010.??.??"]

1. e4 e6 2. Nf3 d5 3. e5 a6 4. d4 Bb4+ 5. Bd2 a5 6. c3 Bf8 7. Bg5 Be7 8. Be3
Nd7 9. Bd3 b6 10. Nbd2 Ba6 11. Nb3 c5 12. Bxa6 Rxa6 13. O-O a4 14. Nc1 cxd4 15.
cxd4 Nb8 16. Nd3 Nc6 17. a3 Na5 18. Nd2 b5 19. b4 Nb7 20. Rc1 Bg5 21. Bxg5 Qxg5
22. Rc8+ Kd7 23. Qc2 Nc5 24. Qxc5 1-0

[Event "Tournoi d'Hiver 2010"]
[Site "CRELEL"]
[Date "2010.12.10"]
[Round "2"]
[White "Thiry, Jean-Louis"]
[Black "Thirion, Laetitia"]
[Result "0-1"]
[WhiteElo "1209"]
[BlackElo "1191"]
[PlyCount "42"]
[EventDate "2010.??.??"]

1. e4 e5 2. Nf3 Nc6 3. d4 Bd6 4. d5 Nce7 5. Nc3 h6 6. Bd3 Nf6 7. O-O c6 8. dxc6
dxc6 9. a4 Be6 10. b3 O-O 11. Ba3 Bxa3 12. Rxa3 Qd6 13. Nb1 Rfd8 14. Qe2 Ng6
15. c4 Bg4 16. g3 Qxd3 17. Qxd3 Rxd3 18. Nfd2 Rad8 19. f3 Bxf3 20. Rxf3 Rxf3
21. Nxf3 Rd1+ 0-1

[Event "Tournoi d'Hiver 2010"]
[Site "CRELEL"]
[Date "2011.01.28"]
[Round "7"]
[White "Vagner, Fabian"]
[Black "Barbier, Frederic"]
[Result "0-1"]
[WhiteElo "1884"]
[BlackElo "1768"]
[PlyCount "98"]
[EventDate "2010.??.??"]

1. e4 e5 2. Nf3 Nc6 3. Bc4 Nf6 4. O-O Bc5 5. c3 d5 6. exd5 Nxd5 7. d4 exd4 8.
Re1+ Be7 9. Nxd4 O-O 10. Qh5 Nxd4 11. cxd4 Nf6 12. Qh4 Bf5 13. Qf4 Bg6 14. Nc3
Bd6 15. Qh4 c6 16. Bg5 Be7 17. Rad1 h6 18. Bc1 Bc2 19. Rd2 Ne4 20. Qxe7 Qxe7
21. Rxc2 Qb4 22. Bd3 Nxc3 23. bxc3 Qd6 24. Rce2 Rad8 25. Bc2 Qb8 26. Ba3 Rfe8
27. Be7 Rd7 28. g3 Qc7 29. Bb4 Rxe2 30. Rxe2 Qd8 31. Bb3 g6 32. Kf1 b6 33. Ba3
Rc7 34. Ba4 Kg7 35. c4 b5 36. Bb3 a5 37. cxb5 cxb5 38. Bc5 Qa8 39. Ke1 a4 40.
Bc2 Rc8 41. Be4 Qa5+ 42. Kf1 b4 43. Bd6 Qb5 44. Bf3 Rc2 45. Be5+ Kg8 46. Bf4
Rxa2 47. Ke1 Rxe2+ 48. Bxe2 Qd5 49. Be3 a3 0-1

[Event "Tournoi d'Hiver 2010"]
[Site "CRELEL"]
[Date "2011.01.14"]
[Round "5"]
[White "Vagner, Fabian"]
[Black "Iafelice, Luigi"]
[Result "1-0"]
[WhiteElo "1884"]
[BlackElo "1800"]
[PlyCount "49"]
[EventDate "2010.??.??"]

1. e4 d5 2. exd5 Qxd5 3. Nc3 Qa5 4. d4 Nf6 5. Nf3 Bf5 6. Bc4 e6 7. Bd2 c6 8.
O-O Nbd7 9. Re1 Qc7 10. d5 cxd5 11. Bxd5 Nxd5 12. Nxd5 Qc6 13. Ne3 O-O-O 14.
Nd4 Qc5 15. Nexf5 exf5 16. Be3 Nf6 17. c3 Qd5 18. Qa4 a6 19. Rad1 g6 20. c4 Qd7
21. Nb5 Qe7 22. Bf4 Rxd1 23. Na7+ Kd8 24. Rxd1+ Nd7 25. Bg5 1-0

[Event "Tournoi d'Hiver 2010"]
[Site "CRELEL"]
[Date "2010.12.03"]
[Round "1"]
[White "Vagner, Fabian"]
[Black "Lievens, Robert"]
[Result "1-0"]
[WhiteElo "1884"]
[BlackElo "1571"]
[PlyCount "65"]
[EventDate "2010.??.??"]

1. e4 c5 2. Nf3 Nc6 3. c3 d6 4. Bb5 Bd7 5. O-O e5 6. d4 Qe7 7. d5 Nb8 8. Bd3 g6
9. Bg5 f6 10. Be3 Nh6 11. h3 Nf7 12. Nh2 Bg7 13. f4 O-O 14. f5 g5 15. Nd2 b5
16. h4 Be8 17. Qg4 a6 18. Kf2 Kh8 19. Rh1 Rg8 20. Nhf3 Nh6 21. Qg3 g4 22. Nh2
Bh5 23. Be2 Bf8 24. Ndf1 Qg7 25. Kg1 Ra7 26. Qe1 Qf7 27. Ng3 Qe8 28. Qd2 Nxf5
29. exf5 Re7 30. Ne4 Rf7 31. Nf1 Nd7 32. Nfg3 Bg6 33. h5 1-0

[Event "Tournoi d'Hiver 2010"]
[Site "CRELEL"]
[Date "2010.12.10"]
[Round "2"]
[White "Valembois, Pierre"]
[Black "Marchal, Georges"]
[Result "0-1"]
[WhiteElo "1150"]
[BlackElo "1414"]
[PlyCount "106"]
[EventDate "2010.??.??"]

1. e4 e5 2. d4 exd4 3. c3 d5 4. e5 Nc6 5. cxd4 Bb4+ 6. Nc3 Nge7 7. Nf3 Bg4 8.
Bg5 Qd7 9. Bxe7 Qxe7 10. Qa4 Bxf3 11. gxf3 O-O-O 12. O-O-O Qh4 13. Nb5 Be7 14.
Nxa7+ Nxa7 15. Qxa7 c6 16. Rd3 Qf4+ 17. Kb1 Bg5 18. a3 Qc1+ 19. Ka2 Qc4+ 20.
Rb3 Qa6 21. Bh3+ Kc7 22. Qc5 Rhe8 23. Rg1 Be7 24. Qc3 g6 25. f4 f5 26. Bf1 Qa7
27. Bb5 Kd7 28. Rc1 cxb5 29. Qc7+ Ke6 30. Rc6+ Kf7 31. Rxb5 bxc6 32. Qxa7 cxb5
33. Qa6 b4 34. a4 Ra8 35. Qc6 Red8 36. Kb3 Rac8 37. Qb7 Rc1 38. a5 Rcc8 39. a6
Rb8 40. Qc6 Ra8 41. h4 Bxh4 42. e6+ Ke7 43. a7 Bxf2 44. Qb7+ Kxe6 45. Qxh7 Kf6
46. Kxb4 Bxd4 47. Qh4+ Kg7 48. Qe7+ Kg8 49. Qe6+ Kh8 50. Qxg6 Rxa7 51. Qh6+ Rh7
52. Qg6 Rb7+ 53. Ka4 Ra8+ 0-1

[Event "Tournoi d'Hiver 2010"]
[Site "CRELEL"]
[Date "2010.12.03"]
[Round "1"]
[White "Valembois, Pierre"]
[Black "Pitz, Luc"]
[Result "1-0"]
[WhiteElo "1150"]
[BlackElo "1444"]
[PlyCount "47"]
[EventDate "2010.??.??"]

1. e4 e5 2. d4 exd4 3. c3 dxc3 4. Bc4 Nc6 5. Qb3 Qe7 6. Nxc3 Ne5 7. Nf3 Nxf3+
8. gxf3 c6 9. Rg1 d5 10. Bd3 Be6 11. Be3 dxe4 12. Bc4 Bxc4 13. Qxc4 exf3 14.
O-O-O Nf6 15. Rde1 O-O-O 16. Nb5 a6 17. Na7+ Kd7 18. Bb6 Qb4 19. Rd1+ Nd5 20.
Rxd5+ cxd5 21. Qc7+ Ke6 22. Qxd8 Qd6 23. Qc8+ Ke5 24. Bc7 1-0

[Event "Tournoi d'Hiver 2010"]
[Site "CRELEL"]
[Date "2011.01.14"]
[Round "5"]
[White "Valembois, Pierre"]
[Black "Thiry, Jean-Louis"]
[Result "0-1"]
[WhiteElo "1150"]
[BlackElo "1209"]
[PlyCount "76"]
[EventDate "2010.??.??"]

1. e4 e5 2. d4 Nf6 3. Nf3 d5 4. Bd3 dxe4 5. Bb5+ c6 6. Qe2 exf3 7. Qxe5+ Be6 8.
d5 Qxd5 9. Qxd5 Bxd5 10. O-O fxg2 11. Re1+ Be7 12. Nc3 cxb5 13. Nxb5 Kd7 14.
Bf4 Na6 15. c4 Bxc4 16. Rad1+ Nd5 17. b3 Bxb3 18. axb3 Kc6 19. Nd4+ Kc5 20. b4+
Naxb4 21. Nb3+ Kc4 22. Nd2+ Kb5 23. Nb3 Nxf4 24. Re5+ Ka4 25. Rb1 Nc6 26. Re4+
Ka3 27. Re3 Ka2 28. Ra1+ Kb2 29. Rd1 Rad8 30. Nd2 Kc2 31. Ra1 Rxd2 32. Ra2+ Kc1
33. Re1+ Rd1 34. Ra1+ Kb2 35. Raxd1 Bb4 36. Re4 g5 37. h4 h6 38. hxg5 hxg5 0-1

[Event "Tournoi d'Hiver 2010"]
[Site "CRELEL"]
[Date "2011.01.28"]
[Round "7"]
[White "Valentiny, Benoit"]
[Black "Nottet, Tristan"]
[Result "1-0"]
[WhiteElo "1855"]
[BlackElo "1625"]
[PlyCount "114"]
[EventDate "2010.??.??"]

1. e4 c5 2. Nf3 Nc6 3. c3 d6 4. d4 cxd4 5. cxd4 Nf6 6. Nc3 g6 7. h3 Bg7 8. Bd3
O-O 9. O-O a6 10. Bf4 Nxd4 11. Nxd4 e5 12. Be3 exd4 13. Bxd4 Be6 14. Be3 Rc8
15. Rc1 d5 16. exd5 Nxd5 17. Nxd5 Rxc1 18. Bxc1 Qxd5 19. Bb1 Qa5 20. a3 Rd8 21.
Qe2 Qa4 22. Qe4 Qb5 23. a4 Qb6 24. Qe2 Qb4 25. Qe4 Rd4 26. Qe3 Qxa4 27. Bd2 Rd7
28. Rc1 Rd8 29. Bc2 Qh4 30. Bc3 Bxc3 31. Qxc3 Qg5 32. Re1 Rc8 33. Qd3 Bf5 34.
Qd5 Rxc2 35. Re8+ Kg7 36. Qe5+ Qf6 37. Rg8+ Kxg8 38. Qxf6 Be6 39. Qd8+ Kg7 40.
Qb6 Bc8 41. b4 Rc6 42. Qd4+ Kg8 43. h4 b5 44. Qd5 Rc2 45. Qg5 Kg7 46. h5 h6 47.
Qe5+ Kh7 48. hxg6+ fxg6 49. Qe7+ Kg8 50. Qe4 Bf5 51. Qa8+ Bc8 52. Qd5+ Kg7 53.
Qe5+ Kf7 54. f3 Rc4 55. g4 Rc2 56. Qd5+ Kg7 57. Qe4 Kf6 1-0

[Event "Tournoi d'Hiver 2010"]
[Site "CRELEL"]
[Date "2010.12.10"]
[Round "2"]
[White "Valentiny, Benoit"]
[Black "Pirard, Gregory"]
[Result "0-1"]
[WhiteElo "1855"]
[BlackElo "2039"]
[PlyCount "86"]
[EventDate "2010.??.??"]

1. e4 Nf6 2. e5 Nd5 3. d4 d6 4. Nf3 Nb6 5. c3 Bg4 6. Be2 e6 7. a4 a5 8. Bg5 Be7
9. Bxe7 Qxe7 10. Na3 O-O 11. Nc2 Rd8 12. exd6 cxd6 13. Ne3 Bh5 14. Qb3 N8d7 15.
O-O Rdc8 16. Rfe1 Bg6 17. Nd2 d5 18. Bb5 Nf6 19. Bf1 Rc6 20. Nf3 Rd6 21. Ne5
Nfd7 22. Nxg6 hxg6 23. f4 Qf6 24. g3 g5 25. f5 exf5 26. Bg2 f4 27. Ng4 Qf5 28.
Ne5 Nxe5 29. Rxe5 Qg4 30. Rae1 Rf6 31. Qc2 Rf8 32. Rf1 Nc4 33. Bf3 Qc8 34. gxf4
Nxe5 35. fxe5 Rf4 36. Bxd5 Qg4+ 37. Bg2 Rc8 38. Rxf4 gxf4 39. h3 Qg5 40. Kh2
Qg3+ 41. Kh1 f3 42. Bf1 Rc6 43. Qh2 Qe1 0-1

[Event "Tournoi d'Hiver 2010"]
[Site "CRELEL"]
[Date "2011.01.14"]
[Round "5"]
[White "Valentiny, Benoit"]
[Black "Remont, Leopold"]
[Result "0-1"]
[WhiteElo "1855"]
[BlackElo "2006"]
[PlyCount "124"]
[EventDate "2010.??.??"]

1. Nf3 Nf6 2. d3 d5 3. Nbd2 Nc6 4. e4 e5 5. c3 a5 6. Be2 h6 7. b3 Bd6 8. Bb2
O-O 9. a3 Re8 10. O-O Bg4 11. Re1 Qd7 12. Qc2 Rad8 13. Bf1 Bc5 14. b4 Bb6 15.
b5 Nb8 16. h3 dxe4 17. dxe4 Bh5 18. c4 Bd4 19. Nxd4 exd4 20. e5 Bg6 21. Bd3
Bxd3 22. Qxd3 Nh7 23. c5 Qd5 24. Nf3 Qxc5 25. Rac1 Qe7 26. Nxd4 Rd5 27. Qg3 Ng5
28. f4 Ne6 29. Nf5 Qd7 30. a4 Kh7 31. Bc3 b6 32. Qg4 g6 33. Ne3 Rd3 34. f5 Nf8
35. e6 Nxe6 36. fxe6 Rxe6 37. Qf4 Qe7 38. Bd4 c5 39. bxc6 Nxc6 40. Bxb6 Re4 41.
Qf2 Ne5 42. Nd5 Rxe1+ 43. Rxe1 Rxd5 44. Bd4 f6 45. Bc3 Kg7 46. Qf4 Qc5+ 47. Re3
Rd3 48. Bxe5 Qxe3+ 49. Qxe3 Rxe3 50. Bc7 Ra3 51. Bxa5 Rxa4 52. Bc3 Ra2 53. Kh2
Kf7 54. Bd4 Ra3 55. Bc5 Rb3 56. Bd6 h5 57. h4 Ke6 58. Bf4 Kf5 59. Bd6 Kg4 60.
g3 Rb2+ 61. Kg1 Kf3 62. Bc7 Rg2+ 0-1

[Event "Tournoi d'Hiver 2010"]
[Site "CRELEL"]
[Date "2011.01.14"]
[Round "?"]
[White "Wilket, Andre"]
[Black "Dans, Guy"]
[Result "1/2-1/2"]
[WhiteElo "1500"]
[BlackElo "1395"]
[PlyCount "110"]
[EventDate "2010.??.??"]

1. d4 d5 2. c4 e6 3. Nf3 Nf6 4. cxd5 Nxd5 5. e4 Nb6 6. Bd3 Nc6 7. Be3 Be7 8.
O-O O-O 9. a3 a5 10. Nc3 f5 11. exf5 exf5 12. Qb3+ Kh8 13. d5 Nb8 14. Bxb6 cxb6
15. Nb5 Bc5 16. Nfd4 f4 17. Qc2 Bxd4 18. Nxd4 Qxd5 19. Nf3 Bg4 20. Be4 Qd7 21.
Rad1 Qf7 22. Ne5 Qe6 23. Nxg4 Qxg4 24. f3 Qh4 25. Qc7 Nc6 26. Bxc6 bxc6 27.
Qxb6 Qf6 28. Rd7 Rfb8 29. Rb7 Rxb7 30. Qxb7 Qd4+ 31. Kh1 Rd8 32. h3 Qd3 33. Rc1
Qb5 34. Qxc6 Qxb2 35. Qc8 Qb8 36. Qc7 Qxc7 37. Rxc7 Ra8 38. h4 h6 39. Kh2 a4
40. h5 Ra5 41. g4 fxg3+ 42. Kxg3 Rxh5 43. Ra7 Rc5 44. Rxa4 g5 45. Kg4 Kg7 46.
Ra6 Rc4+ 47. Kg3 h5 48. a4 Rc1 49. a5 h4+ 50. Kg2 Ra1 51. Ra8 Ra2+ 52. Kh3 Kf6
53. a6 Ra3 54. Kg4 Ra4+ 55. Kh3 Ra3 1/2-1/2

[Event "Tournoi d'Hiver 2010"]
[Site "CRELEL"]
[Date "2010.12.03"]
[Round "1"]
[White "Wilket, Andre"]
[Black "Gerard, Olivier"]
[Result "1-0"]
[WhiteElo "1500"]
[BlackElo "1150"]
[PlyCount "63"]
[EventDate "2010.??.??"]

1. d4 d5 2. c4 Nf6 3. cxd5 Nxd5 4. e4 Nf6 5. Nc3 Nc6 6. Nf3 h6 7. h3 e6 8. a3
Be7 9. Bb5 Bd7 10. O-O O-O 11. Bf4 Nh5 12. Be3 a6 13. Bc4 Na5 14. Ba2 Bb5 15.
Nxb5 axb5 16. Ne5 Nf6 17. f3 Bd6 18. b4 Nc6 19. Nxc6 bxc6 20. e5 Rxa3 21. Qc1
Rxe3 22. Qxe3 Nh5 23. exd6 Ng3 24. Rfc1 Qxd6 25. Qd2 Nf5 26. Rd1 Qg3 27. Qf2
Qg6 28. Bb1 Qf6 29. Bxf5 Qxf5 30. Qe3 Rd8 31. Qe4 Qf6 32. Qxc6 1-0

[Event "Tournoi d'Hiver 2010"]
[Site "CRELEL"]
[Date "2011.01.07"]
[Round "4"]
[White "Wilket, Andre"]
[Black "Thirion, Laetitia"]
[Result "1-0"]
[WhiteElo "1500"]
[BlackElo "1191"]
[PlyCount "84"]
[EventDate "2010.??.??"]

1. d4 d5 2. Nf3 Nf6 3. c4 e6 4. Bg5 Be7 5. e3 c5 6. Bd3 cxd4 7. exd4 Nc6 8. a3
h6 9. Bf4 Bd6 10. Bxd6 Qxd6 11. O-O Qf4 12. Qd2 Nh5 13. Qc3 O-O 14. c5 Re8 15.
Re1 Bd7 16. Nbd2 a6 17. b4 Re7 18. Re3 Rae8 19. Rae1 f6 20. Bg6 Rf8 21. Qd3 Qg4
22. h3 Nf4 23. hxg4 Nxd3 24. Bxd3 Kf7 25. Nf1 Rfe8 26. b5 axb5 27. Bxb5 Nb8 28.
a4 g6 29. Ng3 Rh8 30. Ne2 h5 31. g5 h4 32. gxf6 Kxf6 33. Ne5 Bc8 34. Rf3+ Kg5
35. Nf7+ Rxf7 36. Rxf7 e5 37. dxe5 h3 38. Nf4 hxg2 39. Nxg2 Bf5 40. e6 Be4 41.
e7 Kg4 42. e8=Q Rh5 1-0